College Football Matchups: Penn State - Statistics

General Stats
  • This quiz has been taken 280 times
    26 since last reset
  • The average score is 12 of 16
Answer Stats
Games Opponent Subdivision % Correct
27 Michigan Power 4
100%
41 Ohio State Power 4
100%
35 Rutgers Power 4
92%
39 Michigan State Power 4
88%
28 Indiana Power 4
83%
48 Maryland Power 4
83%
100 Pittsburgh Power 4
83%
61 West Virginia Power 4
79%
28 Illinois Power 4
75%
33 Iowa Power 4
71%
45 Temple Group of 5
67%
26 Army Group of 5
63%
38 Navy Group of 5
63%
47 Pennsylvania FCS
63%
71 Syracuse Power 4
63%
38 Bucknell FCS
38%
No matching quizzes found
Score Distribution
Percent of People with Each Score
Percentile by Number Answered
Your Score History
You have not taken this quiz since the last reset